000 00811nam a2200253Ia 4500
003 OSt
005 20220923215053.0
006 a|||||r|||| 00| 0
007 ta
008 220922b |||||||| |||| 00| 0 hin d
024 _a175,322
037 _cTextual
040 _aARTS
_cARTS
_bhin
041 _2hin
_ahin
082 _aO152:g, K8
100 _aमानावत, नरेन्द्र
_9156292
245 0 _aसाहित्य के त्रिकोण
246 _aSāhitya ke trikoṇa
260 _aजयपुर
_b अनुपम प्रकाशन
_c1968
300 _a309पृ.
_ccm.
650 _aहिन्दी साहित्य
_9156264
942 _hO152:g, K8
_cTEXL
_2CC
999 _c329026
_d329026